| 000 | 00354nam a2200145Ia 4500 | ||
|---|---|---|---|
| 008 | 230312s9999||||xx |||||||||||||| ||und|| | ||
| 020 | _a0-534-39143-5 | ||
| 082 |
_a004 _bFOR-F |
||
| 100 | _aBentley;Whitten | ||
| 245 | 0 | _aSystem Analysis desighn methods | |
| 260 |
_bThomson _aUSA _c2003 |
||
| 300 | _a384 | ||
| 650 |
_aComputer _vComputer |
||
| 942 | _cBK | ||
| 999 |
_c15441 _d15441 |
||